01347nam a2200301 a 4500001001200000003000800012006001900020007001500039008004100054010001700095020001500112040002100127035002000148050002300168082001500191245028600206260005500492300002200547490002300569504004100592533015200633650003200785650001800817655002900835710001700864830003800881856012600919ebr10041196CaPaEBRm u cr cn|||||||||970228s1997 dcua sb 000 0 eng  z 97121098  z0309056306 aCaPaEBRcCaPaEBR a(OCoLC)5611955114aTL797b.P77 1997eb04a629.4722100aProtecting the space station from meteoroids and orbital debrish[electronic resource] /cCommittee on International Space Station Meteoroid/Debris Risk Management, Aeronautics and Space Engineering Board, Commission on Engineering and Technical Systems, National Research Council. aWashington, D.C. :bNational Academy Press,c1997. aix, 53 p. :bill.1 aThe compass series aIncludes bibliographical references. aElectronic reproduction.bPalo Alto, Calif. :cebrary,d2013.nAvailable via World Wide Web.nAccess may be limited to ebrary affiliated libraries. 0aSpace stationsxProtection. 0aSpace debris. 7aElectronic books.2local2 aebrary, Inc. 0aCompass series (Washington, D.C.)40uhttp://site.ebrary.com/lib/rucke/Doc?id=10041196zAn electronic book accessible through the World Wide Web; click to view